02196nam a2200181Ia 4500001001300000003001000013008004100023040002500064041000700089100003400096245007000130250001100200260003500211300001200246500165600258650006501914700003501979b6661-47619 IT-MiCISF161014s9999||||xx |||||||||||||| ||und|| aIT-MiCISFcIT-MiCISF ait aRosina Alessandro (a cura di) 0aUn decalogo per i genitori italianibCrescere capitani coraggiosi a1a ed. a MilanobVita e Pensieroc2009 app. 157 aPiazza M., Besozzi E., Rosina A., Ruspini E., Laffi S., Cavalli A., Trivellato P., Regalia C., Rosci E., Micheli G.A., Scaparro F. / genitoralità, educazione-bambini, differenza-sessuale, famiglia-lunga, autorità-parentale / Genitori e insegnanti manifestano una crescente difficoltà nello svolgere la loro funzione formativa. Si parla sempre più di "emergenza educativa", conseguenza anche dell'incapacità del mondo adulto di mettersi in relazione e in sintonia con i rapidi cambiamenti che interessano la vita di bambini e ragazzi. Emerge nel contempo, però, anche una maggiore consapevolezza del proprio ruolo da parte dei genitori. Sempre più istruiti, più impegnati nel lavoro e con tempi più frammentati, ma anche sempre più attenti a inserire il loro rapporto con i figli all'interno di un quadro coerente basato su un giusto equilibrio di dialogo, contrattazione e regole. Questo libro è quindi rivolto proprio alle madri e ai padri che vogliono trasmettere ai giovani il gusto e la voglia di confrontarsi con il mondo dando il meglio di se stessi, aiutandoli a diventare parte attiva di una generazione che vuole attraversare da protagonista questo secolo. Vengono quindi proposti dieci punti aperti alla discussione, elaborati da studiose e studiosi esperti del delicato e complesso rapporto tra genitori e figli, quali possibili coordinate per orientare l'azione educativa, sapendo che - da un lato - non esistono regole assolute e che ogni figlio è una storia a sé stante, ma anche che - dall'altro lato - le fragilità e le resistenze individuali vanno controllate e negoziate sia con i figli sia con se stessi. a Genitorialità e problemi educativi / genitorialitàe004 aRuspini Elisabetta (a cura di)